Statistics for food and drink

Click here to take the quiz!

General Stats

  • This quiz has been taken 48 times
  • The average score is 11 of 15

Answer Stats

Answer% Correct
macdonalds
100%
coca cola
98%
kfc
98%
monster
98%
wendys
89%
reeses
82%
Dr pepper
78%
fanta
76%
kellogs
67%
quaker oats
67%
sunkist
60%
white castle
58%
panera
42%
snapple
31%
cherios
22%

Score Distribution

Percentile by Number Answered

Percent of People with Each Score

Your Score History

You have not taken this quiz